Вокруг света: журнал Русского Географического общества

Xehetasun bibliografikoak
Erakunde egilea: ООО "Издательство "Вокруг света" (570)
Hizkuntza:errusiera
Argitaratua: Москва, Вокруг света, 1953
Gaiak:
Sarrera elektronikoa:http://www.vokrugsveta.ru/vs/
https://elibrary.ru/title_about.asp?id=33868
Formatua: Baliabide elektronikoa Aldizkako argitalpena
KOHA link:https://koha.lib.tpu.ru/cgi-bin/koha/opac-detail.pl?biblionumber=404800

MARC

LEADER 00000nas1a2200000 4500
001 404800
005 20231101070152.0
011 |a 0321-0669 
035 |a (RuTPU)RU\TPU\prd\53641 
035 |a RU\TPU\prd\1702 
090 |a 404800 
100 |a 20070925a18619999m y0rusy50 ca 
101 0 |a rus 
102 |a RU 
110 |a afaz|||0uu0 
200 1 |a Вокруг света  |e журнал Русского Географического общества  |f ООО "Издательство "Вокруг света" 
210 |a Москва  |c Вокруг света  |d 1953 
305 |a Издается с 1861 г. 
326 |a 12 номеров в год 
469 |0 (RuTPU)RU\TPU\subscr\3766 
610 1 |a путешествия 
610 1 |a страны 
610 1 |a путешественники 
610 1 |a обычаи 
610 1 |a традиции 
610 1 |a национальная еда 
610 1 |a история 
610 1 |a культура 
610 1 |a география 
675 |a 91  |v 3 
712 0 2 |a ООО "Издательство "Вокруг света"  |4 570 
801 0 |a RU  |b 63413507  |c 20011210  |g PSBO 
801 2 |a RU  |b 63413507  |c 20210415  |g PSBO 
856 4 |u http://www.vokrugsveta.ru/vs/ 
856 4 |u https://elibrary.ru/title_about.asp?id=33868 
942 |c CR 
969 |0 001RU\TPU\subscr\3766